Second grade reading roundup : (Record no. 9004)
[ view plain ]
| 000 -LEADER | |
|---|---|
| fixed length control field | 01300nam a22002657a 4500 |
| 001 - CONTROL NUMBER | |
| control field | 9004 |
| 003 - CONTROL NUMBER IDENTIFIER | |
| control field | FISKH |
| 005 - DATE AND TIME OF LATEST TRANSACTION | |
| control field | 20251113143535.0 |
| 008 - FIXED-LENGTH DATA ELEMENTS--GENERAL INFORMATION | |
| fixed length control field | 251113b cb ||||| |||| 00| 0 eng d |
| 020 ## - INTERNATIONAL STANDARD BOOK NUMBER | |
| International Standard Book Number | 9780307479518 |
| 040 ## - CATALOGING SOURCE | |
| Original cataloging agency | FISKH |
| Language of cataloging | eng |
| Transcribing agency | FISKH |
| Modifying agency | FISKH |
| 050 ## - LIBRARY OF CONGRESS CALL NUMBER | |
| Classification number | PZ7 |
| 082 ## - DEWEY DECIMAL CLASSIFICATION NUMBER | |
| Classification number | 372.4 |
| 100 ## - MAIN ENTRY--PERSONAL NAME | |
| Personal name | Wilsdon, Christina |
| Relator term | Author |
| 245 ## - TITLE STATEMENT | |
| Title | Second grade reading roundup : |
| Remainder of title | Fun games & activities to boost skills / |
| 260 ## - PUBLICATION, DISTRIBUTION, ETC. | |
| Place of publication, distribution, etc. | New York : |
| Name of publisher, distributor, etc. | Sylvan Learning Inc. , |
| Date of publication, distribution, etc. | 2012 |
| 300 ## - PHYSICAL DESCRIPTION | |
| Extent | 29 pages : |
| Other physical details | color illustrations ; |
| Dimensions | 23 cm |
| 505 ## - FORMATTED CONTENTS NOTE | |
| Formatted contents note | J<br/> |
| 520 ## - SUMMARY, ETC. | |
| Summary, etc. | Have fun improving reading skills with Sylvan's proven techniques for success! Second Grade Reading Roundup helps children improve their reading skills through engaging games and activities. Packed with colorful pictures and short, fun exercises, this book will help students learn and practice reading while they: · Help Cowgirl Pearl round up words with the same consonant blends or vowel sounds · Navigate a maze by following a path of words that share the same sound · See what happens when you chop prefixes off words, and add suffixes to others · And much more! |
| 521 8# - TARGET AUDIENCE NOTE | |
| Target audience note | 450<br/> |
| Source | Lexile estimate<br/> |
| 521 8# - TARGET AUDIENCE NOTE | |
| Target audience note | J<br/> |
| Source | Raz-Plus<br/> |
| 650 ## - SUBJECT ADDED ENTRY--TOPICAL TERM | |
| Topical term or geographic name entry element | 2nd grade |
| Form subdivision | Fun games |
| 942 ## - ADDED ENTRY ELEMENTS (KOHA) | |
| Source of classification or shelving scheme | Dewey Decimal Classification |
| Koha item type | Books |
| Suppress in OPAC | No |
| Withdrawn status | Lost status | Source of classification or shelving scheme | Damaged status | Not for loan | Home library | Current library | Shelving location | Date acquired | Total Checkouts | Full call number | Barcode | Date last seen | Copy number | Price effective from | Koha item type |
|---|---|---|---|---|---|---|---|---|---|---|---|---|---|---|---|
| Dewey Decimal Classification | Footprints International School Library Network Toul Tom Poung Campus | Footprints International School Library Network Toul Tom Poung Campus | TTP Primary Dark Blue Bookshelves | 11/13/2025 | WIL 372.4 PZ7 | 2025-4794 | 11/13/2025 | 1 | 11/13/2025 | Books |
